Nommez les joueurs de foot version difficile.. - Statistiques

Statistiques générales
  • Ce quiz a été pris 174 fois
  • Le résultat moyen est 9 sur 16
Statistiques - réponses
Par images Réponse % Correct
Djibril Cissé
94%
Éric Abidal
86%
Tanguy Ndombélé
82%
Wesley Sneijder
81%
Inaki Williams
78%
Bernd Leno
74%
Dimitar Berbatov
74%
Youssoufa Moukoko
66%
José María Gutiérrez Hernández (Guti)
61%
Theo Walcott
54%
Per Mertesacker
49%
Adel Taarabt
48%
Karamoko Dembélé
47%
Siphiwe Tshabalala
19%
Shunsuke Nakamura
17%
Rory Delap
8%
Aucun quiz correspondant
Distribution des résultats
% des personnes avec chaque résultat
Percentile par nombre de réponses
Votre historique - résultats
Vous n’avez pas pris ce quiz